Villes du monde - Statistiques

Statistiques générales
  • Ce quiz a été pris 81 fois
  • Le résultat moyen est 147 sur 323
Réponses sur la Carte
Les réponses sont colorées sur une échelle allant du rouge au vert en fonction du pourcentage des utilisateurs qui les ont devinées à leur premier essai. Vous pouvez retrouver ces pourcentages ci-dessous.
 
Statistiques - réponses
Réponse % Correct
Paris
95%
Londres
87%
Barcelone
86%
Madrid
86%
Moscou
84%
Lisbonne
83%
Marseille
83%
Alger
81%
Bordeaux
81%
Porto
81%
Rome
81%
Toulouse
81%
Lyon
79%
Nantes
79%
New York
79%
Dublin
78%
Los Angeles
78%
Bruxelles
76%
Rabat
76%
Brasilia
75%
Lille
75%
Miami
75%
Berlin
73%
Mexico
73%
Tokyo
73%
Washington
73%
Berne
71%
Manchester
71%
Marrakech
71%
Milan
71%
Oslo
71%
Rio de Janeiro
71%
Amsterdam
70%
Budapest
70%
Helsinki
70%
Bogota
68%
Le Caire
68%
Ottawa
68%
Valence
68%
Vienne
68%
Buenos Aires
67%
Casablanca
67%
Kiev
67%
Stockholm
67%
Sydney
67%
Tunis
67%
Athènes
65%
Bucarest
65%
Canberra
65%
Genève
65%
Lima
65%
Montreal
65%
Munich
65%
Naples
65%
Pekin
65%
Prague
65%
Saint Petersbourg
65%
Seville
65%
Turin
65%
Istanbul
63%
Jakarta
63%
Santiago
63%
Zagreb
63%
Zurich
63%
Ankara
62%
Copenhague
62%
Liverpool
62%
New Delhi
62%
Reykjavik
62%
San Francisco
62%
Seoul
62%
Varsovie
62%
Edimbourg
60%
Glasgow
60%
La Paz
60%
Riga
60%
Venise
60%
Chicago
59%
Dacca
59%
La Havane
59%
Montevideo
59%
Rotterdam
59%
Sao Paulo
59%
Toronto
59%
Caracas
57%
Francfort
57%
La Valette
57%
Le Cap
57%
Anvers
56%
Belgrade
56%
Bilbao
56%
Dubai
56%
Hambourg
56%
Kinshasa
56%
Minsk
56%
Quebec
56%
Strasbourg
56%
Vilnius
56%
Bagdad
54%
Bamako
54%
Birmingham
54%
Dakar
54%
Florence
54%
Jerusalem
54%
Las Vegas
54%
Ljubljana
54%
Mumbai
54%
Palerme
54%
Sarajevo
54%
Sofia
54%
Wellington
54%
Bangkok
52%
Bratislava
52%
Cologne
52%
Damas
52%
Fès
52%
Malaga
52%
Nairobi
52%
Riyad
52%
Seattle
52%
Tripoli
52%
Antananarivo
51%
Atlanta
51%
Beyrouth
51%
Dallas
51%
Johannesbourg
51%
Manille
51%
Oran
51%
Pretoria
51%
Pyongyang
51%
Quito
51%
Sucre
51%
Tirana
51%
Doha
49%
Hanoï
49%
Melbourne
49%
Osaka
49%
Oulan Bator
49%
Singapour
49%
Teheran
49%
Vancouver
49%
Astana
48%
Hong Kong
48%
Kaboul
48%
Kuala Lumpur
48%
Malmö
48%
Tbilissi
48%
Yaounde
48%
Abidjan
46%
Addis Abeba
46%
Alexandrie
46%
Auckland
46%
Koweit
46%
Perth
46%
Skopje
46%
Stuttgart
46%
Abou Dabi
44%
Asuncion
44%
Bakou
44%
Bâle
44%
Houston
44%
Khartoum
44%
Kingston
44%
La Haye
44%
Sanaa
44%
Amman
43%
Conakry
43%
Cracovie
43%
Denver
43%
Erevan
43%
Islamabad
43%
Katmandou
43%
Leeds
43%
Ouagadougou
43%
Saint Domingue
43%
Taipei
43%
Tel Aviv
43%
Yamoussoukro
43%
Accra
41%
Bergen
41%
Bologne
41%
Cancun
41%
Dar es Salam
41%
Dusseldorf
41%
Gênes
41%
Lagos
41%
Lausanne
41%
Luanda
41%
San Jose
41%
Thessalonique
41%
Calcutta
40%
Leipzig
40%
Medellin
40%
Niamey
40%
Nuuk
40%
Palma de Majorque
40%
Saragosse
40%
Shangai
40%
Tachkent
40%
Talinn
40%
Windhoek
40%
Abuja
38%
Adelaïde
38%
Antalya
38%
Bichkek
38%
Cali
38%
Canton / Shenzen
38%
Mogadiscio
38%
N'djamena
38%
Nouakchott
38%
Split
38%
Tanger
38%
Gdansk
37%
Lusaka
37%
Malé
37%
Phnom Penh
37%
Victoria
37%
Vientiane
37%
Bari
35%
Brisbane
35%
Colombo
35%
Karachi
35%
Manaus
35%
Odessa
35%
Tijuana
35%
Ushuaïa
35%
Wuhan
35%
Bangalore
33%
Calgary
33%
Goteborg
33%
Harare
33%
Ho Chi Minh
33%
Honolulu
33%
Izmir
33%
La Mecque
33%
Monterrey
33%
Achgabat
32%
Agadir
32%
Bloemfontein
32%
Durban
32%
Faro
32%
Guadalajara
32%
Kampala
32%
Lahore
32%
Port Moresby
32%
Salzbourg
32%
Belo Horizonte
30%
Donetsk
30%
Dubrovnik
30%
Sebastopol
30%
Bristol
29%
Djeddah
29%
Fortaleza
29%
Kaliningrad
29%
Madras / Chennai
29%
Naypyidaw
29%
Noumea
29%
Utrecht
29%
Belem
27%
Braga
27%
Christchurch
27%
Constantine
27%
Douala
27%
Guayaquil
27%
Heraklion
27%
Medine
27%
Phuket
27%
Rangoun
27%
Recife
27%
Rosario
27%
Saint Denis
27%
Thimphou
27%
Alep
25%
Busan
25%
Hiroshima
25%
Nagoya
25%
Rostov sur le Don
25%
Vladivostok
25%
Aden
24%
Cotonou
24%
Hyderabad
24%
Kano
24%
Kazan
24%
Louxor
24%
Memphis
24%
Porto Alegre
24%
Sapporo
24%
Suez
24%
Volgograd
24%
Xi'an
24%
Las Palmas
22%
Port Saïd
22%
Sfax
22%
Surabaya
22%
Vigo
22%
Chongqing
21%
Cordoba
21%
Halifax
21%
Acapulco
19%
Bursa
19%
Cluj Napoca
19%
Douchambe
19%
Ibadan
19%
Bassorah
17%
Graz
17%
Novossibirsk
17%
Barranquilla
16%
Haifa
16%
Tulum
14%
Cairns
13%
Faisalabad
13%
Gaziantep
13%
Krasnodar
13%
Rhodes
13%
Herat
11%
Kandahar
10%
Pattaya
8%
Mashhad
6%
Pilsen
6%
Rawalpindi
6%
Tizi Ouzou
6%
Culiacan
5%
Bora Bora
3%
Aucun quiz correspondant
Distribution des résultats
% des personnes avec chaque résultat
Percentile par nombre de réponses
Votre historique - résultats
Vous n’avez pas pris ce quiz